Don't Know Responses in Survey Research

Saved in:  
Bibliographic Details
Main Author: Young, Rebekah (Author)
Format: Print Book
Language:English
Published: [Erscheinungsort nicht ermittelbar] Pennsylvania State University 2012
In:Year: 2012
Check availability: HBZ Gateway
Subito Delivery Service: Order now.

MARC

LEADER 00000cam a22000002c 4500
001 191252094X
003 DE-627
005 20250122054950.0
007 tu
008 241217s2012 xx ||||| 00| ||eng c
035 |a (DE-627)191252094X 
035 |a (DE-599)KXP191252094X 
040 |a DE-627  |b ger  |c DE-627  |e rda 
041 |a eng 
084 |a 2,1  |2 ssgn 
100 1 |a Young, Rebekah  |e VerfasserIn  |4 aut 
245 1 0 |a Don't Know Responses in Survey Research 
264 1 |a [Erscheinungsort nicht ermittelbar]  |b Pennsylvania State University  |c 2012 
336 |a Text  |b txt  |2 rdacontent 
337 |a ohne Hilfsmittel zu benutzen  |b n  |2 rdamedia 
338 |a Band  |b nc  |2 rdacarrier 
787 0 8 |i Forschungsdaten  |a Cohen, Mark A.  |t Measuring Perceptions of Appropriate Prison Sentences in the United States, 2000  |d [Erscheinungsort nicht ermittelbar] : [Verlag nicht ermittelbar], 2004  |w (DE-627)1840060212 
787 0 8 |i Forschungsdaten  |a Hesse, Bradford  |t Health Information National Trends Survey (HINTS), 2005  |d [Erscheinungsort nicht ermittelbar] : [Verlag nicht ermittelbar], 2009  |w (DE-627)1902791088 
787 0 8 |i Forschungsdaten  |a Hemenway, David  |t National Firearms Survey, 1999  |d [Erscheinungsort nicht ermittelbar] : [Verlag nicht ermittelbar], 2007  |w (DE-627)1840057173 
787 0 8 |i Forschungsdaten  |a CBS News  |t CBS News Monthly Poll, August 2009  |d [Erscheinungsort nicht ermittelbar] : [Verlag nicht ermittelbar], 2010  |w (DE-627)1902791649 
787 0 8 |i Forschungsdaten  |a ABC News  |t ABC News/Washington Post Monthly Poll, December 2009  |d [Erscheinungsort nicht ermittelbar] : [Verlag nicht ermittelbar], 2010  |w (DE-627)1902791843 
787 0 8 |i Forschungsdaten  |a ABC News  |t ABC News Nukes Poll, August 2005  |d [Erscheinungsort nicht ermittelbar] : [Verlag nicht ermittelbar], 2006  |w (DE-627)1902797019 
787 0 8 |i Forschungsdaten  |a Rottman, David B.  |t Public Opinion on the Courts in the United States, 2000  |d [Erscheinungsort nicht ermittelbar] : [Verlag nicht ermittelbar], 2004  |w (DE-627)1840058323 
787 0 8 |i Forschungsdaten  |a Brim, Orville Gilbert;Baltes, Paul B.;Bumpass, Larry L.;Cleary, Paul D.;Featherman, David L.;Hazzard, William R.;Kessler, Ronald C.;Lachman, Margie E.;Markus, Hazel Rose;Marmot, Michael G.;Rossi, Alice S.;Ryff, Carol D.;Shweder, Richard A.  |t Midlife in the United States (MIDUS 1), 1995-1996 
787 0 8 |i Forschungsdaten  |a Schildkraut, Deborah;Grosse, Ashley  |t 21st Century Americanism: Nationally Representative Survey of the United States Population, 2004 
787 0 8 |i Forschungsdaten  |a Howard, Marc M.;Gibson, James L.;Stolle, Dietlind  |t United States Citizenship, Involvement, Democracy (CID) Survey, 2006 
935 |a mkri 
951 |a BO 
ELC |b 1 
LOK |0 000 xxxxxcx a22 zn 4500 
LOK |0 001 4637486440 
LOK |0 003 DE-627 
LOK |0 004 191252094X 
LOK |0 005 20241217044343 
LOK |0 008 241217||||||||||||||||ger||||||| 
LOK |0 035   |a (DE-2619)ICPSR107786 
LOK |0 040   |a DE-2619  |c DE-627  |d DE-2619 
LOK |0 092   |o n 
LOK |0 852   |a DE-2619 
LOK |0 852 1  |9 00 
LOK |0 935   |a nacp 
LOK |0 939   |a 17-12-24  |b l01 
ORI |a SA-MARC-krimdoka001.raw